Detalles MARC
| 000 -CABECERA |
| Campo de control de longitud fija |
01464nam a2200409 a 4500 |
| 001 - NÚMERO DE CONTROL |
| Campo de control |
BNC01000000000000001132592 |
| 003 - IDENTIFICADOR DEL NÚMERO DE CONTROL |
| Campo de control |
CL-SaCFP |
| 005 - FECHA Y HORA DE LA ÚLTIMA TRANSACCIÓN |
| Campo de control |
20260402105933.0 |
| 008 - CÓDIGOS DE INFORMACIÓN DE LONGITUD FIJA |
| Campo de control de longitud fija |
170809s2017 amca b 000 0 spa |
| 015 ## - NÚMERO DE BIBLIOGRAFÍA NACIONAL |
| Número de bibliografía nacional |
cl-2017-xxxx |
| Fuente |
bcl |
| 020 ## - NÚMERO INTERNACIONAL NORMALIZADO PARA LIBROS (ISBN) |
| Número Internacional Normalizado para Libros (ISBN) |
9789562052603 |
| 040 ## - FUENTE DE LA CATALOGACIÓN |
| Centro catalogador de origen |
clsabn |
| Lengua de catalogación |
spa |
| Centro transcriptor |
clsabn |
| 041 1# - CÓDIGO DE LENGUA |
| Código de lengua del texto/banda sonora o título independiente |
spa |
| Código de lengua del sumario o resumen |
eng |
| 043 ## - CÓDIGO DE ÁREA GEOGRÁFICA |
| Código de área geográfica |
s-cl--- |
| Fuente del código local |
bcl |
| 082 04 - NÚMERO DE LA CLASIFICACIÓN DECIMAL DEWEY |
| Número de clasificación |
352.2830983 |
| Número de documento |
D445 |
| Número de edición |
21 |
| 090 ## - LOCALLY ASSIGNED LC-TYPE CALL NUMBER (OCLC); LOCAL CALL NUMBER (RLIN) |
| Classification number (OCLC) (R) ; Classification number, CALL (RLIN) (NR) |
PMG2017/agosto |
| 099 ## - LOCAL FREE-TEXT CALL NUMBER (OCLC) |
| Classification number |
jhh/20170809 |
| 099 ## - LOCAL FREE-TEXT CALL NUMBER (OCLC) |
| Classification number |
vag/o/20190320 |
| 099 ## - LOCAL FREE-TEXT CALL NUMBER (OCLC) |
| Classification number |
mcb/s/20190320 |
| 099 ## - LOCAL FREE-TEXT CALL NUMBER (OCLC) |
| Classification number |
mcb/a/20200706 |
| 245 00 - MENCIÓN DE TÍTULO |
| Título |
Descentralización : |
| Resto del título |
impactos y desafíos en la competitividad nacional y regional / |
| Mención de responsabilidad etc. |
Flavio Candia y Rodrigo Peñailillo (investigadores). |
| 246 30 - VARIANTES DE TÍTULO |
| Título propio / Titulo en breve |
Impactos y desafíos en la competitividad nacional y regional |
| 250 ## - MENCIÓN DE EDICIÓN |
| Mención de edición |
Junio 2017. |
| 260 ## - PUBLICATION, DISTRIBUTION, ETC. (IMPRINT) |
| Lugar de publicación distribución etc. |
Santiago de Chile : |
| Nombre del editor distribuidor etc. |
Ediciones FLACSO-Chile, |
| Fecha de publicación distribución etc. |
2017 |
| Lugar de fabricación |
(Santiago, Chile : |
| Fabricante |
Gráfica LOM,) |
| 300 ## - DESCRIPCIÓN FÍSICA |
| Extensión |
255 páginas : |
| Otras características físicas |
diagramas ; |
| Dimensiones |
24 cm. |
| 490 1# - MENCIÓN DE SERIE |
| Mención de serie |
Serie libros Flacso-Chile |
| 504 ## - NOTA DE BIBLIOGRAFÍA; ETC. |
| Nota de bibliografía etc. |
Bibliografía: páginas 241-249. |
| 504 ## - NOTA DE BIBLIOGRAFÍA; ETC. |
| Nota de bibliografía etc. |
Incluye notas bibliográficas. |
| 546 ## - NOTA DE LENGUA |
| Nota de lengua |
Incluye sumario en inglés. |
| 650 #7 - PUNTO DE ACCESO ADICIONAL DE MATERIA - TÉRMINO DE MATERIA |
| Término de materia o nombre geográfico como elemento inicial |
Descentralización administrativa |
| Subdivisión geográfica |
Chile |
| 650 #7 - PUNTO DE ACCESO ADICIONAL DE MATERIA - TÉRMINO DE MATERIA |
| Término de materia o nombre geográfico como elemento inicial |
Descentralización administrativa |
| Subdivisión de materia general |
Aspectos económicos |
| Subdivisión geográfica |
Chile |
| 700 1# - PUNTO DE ACCESO ADICIONAL - NOMBRE DE PERSONA |
| Nombre de persona |
Candia, Flavio |
| Término indicativo de función |
investigador |
| 700 1# - PUNTO DE ACCESO ADICIONAL - NOMBRE DE PERSONA |
| Nombre de persona |
Peñailillo, Rodrigo |
| Término indicativo de función |
investigador |
| 830 #0 - PUNTO DE ACCESO ADICIONAL DE SERIE - TÍTULO UNIFORME |
| Título uniforme |
Serie libros FLACSO-Chile |
| 942 ## - ENTRADA PARA ELEMENTOS AGREGADOS (KOHA) |
| Fuente de clasificación o esquema de ordenación en estanterías |
Dewey Decimal Classification |
| Koha [por defecto] tipo de item |
Libros |
| 949 ## - LOCAL PROCESSING INFORMATION (OCLC) |
| a |
u |
| b |
c |